Historia de la Iglesia de Cristo / (Record no. 118630)

MARC details
000 -LEADER
campo de control de longitud fija 01007namaa2200217 i 4500
001 - NÚMERO DE CONTROL
campo de control 118630
003 - IDENTIFICADOR DE NÚMERO DE CONTROL
campo de control ES-MaACL
005 - FECHA Y HORA DE LA ÚLTIMA TRANSACCIÓN
campo de control 20250831072555.0
007 - CAMPO FIJO DE DESCRIPCIÓN FÍSICA--INFORMACIÓN GENERAL
campo de control de longitud fija t|
008 - DATOS DE LONGITUD FIJA--INFORMACIÓN GENERAL
campo de control de longitud fija 070214m19691971sp abf 00110 spa d
100 0# - ENTRADA PRINCIPAL--NOMBRE DE PERSONA
Nombre de persona Daniel-Rops.
9 (RLIN) 42631
245 10 - MENCIÓN DEL TÍTULO
Título Historia de la Iglesia de Cristo /
Mención de responsabilidad, etc. Daniel-Rops [seud].
260 ## - PUBLICACIÓN, DISTRIBUCIÓN, ETC.
Lugar de publicación, distribución, etc. Madrid :
Nombre del editor, distribuidor, etc. Círculo de Amigos de la Historia,
Fecha de publicación, distribución, etc. 1969-1971.
300 ## - DESCRIPCIÓN FÍSICA
Extensión 12 v. :
Otras características físicas il., lám. mapas ;
Dimensiones 22 cm.
500 ## - NOTA GENERAL
Nota general Falta v. 5.
505 1# - NOTA DE CONTENIDO CON FORMATO
Nota de contenido con formato I. Jesús en su tiempo - II. Los apóstoles y los mártires - III. La Iglesia de los tiempos bárbaros - IV. La catedral y la cruzada - VI. La reforma protestante - VII. La reforma católica - VIII. El gran siglo de las almas - IX. La era de los grandes hundimientos - X-XI. La Iglesia de las revoluciones- XII-XIII. Un combate por Dios - XIV. Estos cristianos, nuestros hermanos
650 07 - PUNTO DE ACCESO ADICIONAL DE MATERIA--TÉRMINO DE MATERIA
Término de materia o nombre geográfico como elemento de entrada Historia eclesiástica
Fuente del encabezamiento o término embne
9 (RLIN) 13400
700 2# - ENTRADA AGREGADA--NOMBRE PERSONAL
Nombre de persona
9 (RLIN) 241894
852 ## - LOCALIZACIÓN
Ubicación ES-MaACL
Número de control de estantería J-36
Holdings
Estatus retirado Estado de pérdida Estado de daño No para préstamo Biblioteca de origen Biblioteca actual Ubicación en estantería Fecha de adquisición Fuente de adquisición Total de préstamos Signatura topográfica completa Código de barras Visto por última vez Precio de reemplazo Tipo de ítem Koha
        Biblioteca del Ateneo de Madrid Biblioteca del Ateneo de Madrid Depósito 2 17/01/2008     J-36 1123669 23/02/2023 23/02/2023 Libro impreso